00840nam a2200241 i 4500001001000000003000900010005001700019007000300036008004100039020001800080040003000098082000700128100004100135245008200176260003800258264003700296300002700333336002700360337003300387338002800420500005700448586009300505000049128DO-SdBNP20231127102341.0ta190722s2010 dr r 000 0 spa d a9789945469202 aDO-SdBNPbspacBNPHUerda 42221 aPaíno Perdomo, Omar,d1972-eautor10aBiodiversidad de la República Dominicana :bhongos /cOmar Paíno Perdomo. aSanto Domingo :bNacional,c2010. aSato Domingo :bNacional,c2010. a87 páginas ;c23 cm. 2rdacontentatextobtxt 2rdamediaasin mediaciónbn 2rdacarrieravolumenbnc aIncluye datos biográficos del autor en las solapas aPremio Nacional de Ensayo Pedro Henríquez Ureña. Modalidad Ensayo Científico, 2008